00907nam a2200241 i 450000100060000000300090000600500170001500700030003200800410003502000180007610000270009424501030012126000540022430000340027850000140031250400340032665000450036065000450040565100540045085200220050499900170052695201220054375126ES-MaACL20230906172338.0t|040922s1988 xxk |||| | eng d a0-521-30532-21 aGoodman, David.95910510aPower and penury b: government, technology and science in Philip II's Spain / cDavid C. Goodman. aCambridge : bCambridge University Press, c1988. aXI, 275 p. : bil. ; c24 cm. aÍndice. aBibliografía: p. [265]-270. 4aCiencia renacentista-zEspaña.9167978 4aTecnología-zEspaña-yS.XVI.9167977 4aEspaña-xHistoria-y1556-1598, Felipe II.98218 aES-MaACLjL-12289 c75126d75126 00104070aATENEOMbATENEOMcDEPO2d2008-01-17eSCl0oL-12289p1078632r2023-02-23 00:00:00w2023-02-23yMONOGRAFIA